| 000 | 00543nam a2200169 i 4500 | ||
|---|---|---|---|
| 001 | 68761 | ||
| 003 | ES-MaACL | ||
| 005 | 20231228063159.0 | ||
| 007 | t| | ||
| 008 | 040707s1842 sp ||||1| spa d | ||
| 100 | 1 |
_aHartzenbusch, Juan Eugenio, _d1806-1880 _962011 |
|
| 245 | 1 | 0 |
_aPrimero yo _b: drama en cuatro actos en verso / _cde D. Juan Eugenio Hartzenbusch. |
| 260 |
_aMadrid : _bRepullés, _c1842. |
||
| 300 |
_a96 p. ; _c20 cm. |
||
| 852 |
_aES-MaACL _jD-2521(4) _q. - Encuadernado con otras obras |
||
| 999 |
_c68761 _d68761 |
||